| 000 | 01043nam a22002657a 4500 | ||
|---|---|---|---|
| 001 | 8300 | ||
| 003 | FISKH | ||
| 005 | 20250908152509.0 | ||
| 008 | 250908b cb ||||| |||| 00| 0 eng d | ||
| 020 | _a9781433336171 | ||
| 040 |
_aFISKH _beng _cFISKH _dFISKH |
||
| 050 | _aSF302.B539 EB | ||
| 082 | _a599.665 | ||
| 100 | _aBlazeman, Christopher | ||
| 245 |
_aHorses up close / _cChristopher Blazeman |
||
| 260 |
_aCalifornia : _bTeacher Created Material, _c2012. |
||
| 300 |
_a28 pages : _bcolor illustrations ; _c20 cm |
||
| 505 | _aN | ||
| 520 | _aThere are seven million horses in the United States! Early readers will learn all about horses and stallions in this appealing nonfiction title that features vibrant photos, captivating facts, and simple, informative text. With a picture glossary and helpful definitions, readers will discover there is much to learn as they move from cover to cover. | ||
| 521 | 8 |
_a560
_bLexile |
|
| 521 | 8 |
_aN
_bRaz-Plus |
|
| 650 | _aNon-fiction | ||
| 942 |
_2ddc _cBK _n0 |
||
| 999 |
_c8300 _d8300 |
||